Statystyki dla Daty historyczne polski

Kliknij tutaj aby rozwiązać quiz!

Ogólne statystyki

  • Ten quiz został rozwiązany 43 razy
  • Średni wynik to 9 z 15

Statystyki odpowiedzi

HintOdpowiedź% Poprawnych
966Chrzest polski
97%
1410Bitwa pod Grunwaldem
89%
1863Powstanie styczniowe
68%
1939II wojna światowa
66%
1914I wojna światowa
66%
1830Powstanie listopadowe
66%
1000Zjazd gnieźnieński
66%
1772I rozbiór Polski
63%
1944Powstanie warszawskie
63%
972Bitwa pod Cedynią
53%
1138Rozbicie dzielnicowe
50%
1385Unia w Krewie
29%
1444Bitwa pod Warną
26%
1399 kto umarł
Imię i nazwisko
Jadwiga Andegaweńska
26%
1569Unia polsko litewska
26%

Rozkład punktacji

Percentyl według liczby udzielonych odpowiedzi

Procent ludzi z każdym wynikiem

Twoja historia wyników

Nie rozwiązałeś tego quizu